|
|
|
|
| LEADER |
00000nam0a2200000 4500 |
| 001 |
312803 |
| 005 |
20231223163331.0 |
| 035 |
|
|
|a (RuTPU)RU\TPU\book\338173
|
| 090 |
|
|
|a 312803
|
| 100 |
|
|
|a 20151228d2015 m y0rusy50 ca
|
| 101 |
0 |
|
|a rus
|
| 102 |
|
|
|a RU
|
| 105 |
|
|
|a a j 001zy
|
| 200 |
1 |
|
|a Возможные виды брака в технологии стекла и способы их устранения
|e учебное пособие
|f О. В. Казьмина, Р. Г. Мелконян
|g Национальный исследовательский Томский политехнический университет (ТПУ)
|
| 210 |
|
|
|a Томск
|c Изд-во ТПУ
|d 2015
|
| 215 |
|
|
|a 128 с.
|c ил.
|
| 320 |
|
|
|a Библиогр.: с. 124.
|
| 330 |
|
|
|a Представлены общие причины и виды пороков стекломассы, появляющиеся на стадии варки стекла, а также дефекты, образующиеся на стадии формования изделия различными способами. Показаны способы устранения различных видов пороков. Один раздел пособия содержит практические рекомендации по определению химической потребности в кислороде сырьевых материалов, контролю химической однородности шихты и неоднородности стекла, а также оценки качества отжига стеклоизделий.Рекомендовано для студентов, обучающихся по направлению 240100 «Химическая технология» при изучении курса «Химическая технология тугоплавких неметаллических и силикатных материалов», для студентов Института дистанционного образования, обучающихся по специальности 240304 (250800) «Химическая технология тугоплавких неметаллических и силикатных материалов», а также при выполнении выпускных квалификационных работ. Работа с пособием будет способствовать развитию умения студентов анализировать виды брака в стекле и способы их устранения.
|
| 606 |
1 |
|
|a Стекольное производство
|x Брак
|2 stltpush
|3 (RuTPU)RU\TPU\subj\34555
|9 56476
|
| 610 |
1 |
|
|a стекломасса
|
| 610 |
1 |
|
|a включения
|
| 610 |
1 |
|
|a стекло
|
| 610 |
1 |
|
|a стеклоизделия
|
| 610 |
1 |
|
|a формование
|
| 610 |
1 |
|
|a дефекты
|
| 610 |
1 |
|
|a учебные пособия
|
| 610 |
1 |
|
|a труды учёных ТПУ
|
| 610 |
1 |
|
|a пороки
|
| 675 |
|
|
|a 666.11(075.8)
|v 3
|
| 700 |
|
1 |
|a Казьмина
|b О. В.
|c химик-технолог
|c профессор Томского политехнического университета, доктор технических наук
|f 1967-
|g Ольга Викторовна
|3 (RuTPU)RU\TPU\pers\26196
|9 12004
|
| 701 |
|
1 |
|a Мелконян
|b Р. Г.
|g Рубен Гарегинович
|
| 712 |
0 |
2 |
|a Национальный исследовательский Томский политехнический университет (ТПУ)
|c (2009- )
|3 (RuTPU)RU\TPU\col\15902
|
| 801 |
|
1 |
|a RU
|b 63413507
|c 20151228
|
| 801 |
|
2 |
|a RU
|b 63413507
|c 20160114
|g RCR
|
| 942 |
|
|
|c BK
|